| 000 | 01944nam0a22004331 4500 | ||
|---|---|---|---|
| 001 | RU\NLR\A1SV\45959 | ||
| 005 | 20251203171251.9 | ||
| 035 | _a(NLR Aleph) 009728085 | ||
| 090 |
_a9898812 _c9898812 |
||
| 100 | _a20030326d1925 u y0rusy50 ca | ||
| 101 | 0 | _arus | |
| 102 | _aRU | ||
| 200 | 1 |
_aПрактическое руководство по общему судебному и нотариальному делопроизводствам, счетоводству и отчетности народных судов _fИ.И.Еднерал и А.Н.Елоховский _gС предисл. и под ред. зав. Оператив. частью Секции адм. техники НКРКИ СССР Ю.А.Тиличеева и гл. о карточ. системе делопроизводства Нар. судов, сост. зам. зав. Отд. по улучшению госаппарата НКРКИ РСФСР - П.А.Поповым |
|
| 210 |
_aМ. _cЮрид. изд-во Нар. ком. юст. РСФСР _d1925 |
||
| 215 |
_a320, [4] с. _cбланк. _d24 см |
||
| 300 | _aНапеч. в Сызрани | ||
| 620 | _dМосква | ||
| 620 | _dСызрань | ||
| 700 | 1 |
_aЕднерал _bИ. И. _f1897-1938 _gИсидор Иосифович |
|
| 701 | 1 |
_aЕлоховский _bА. Н. _gАлександр Николаевич |
|
| 702 | 1 |
_aТиличеев _bЮ. А. _f1878- _gЮрий Александрович |
|
| 702 | 1 |
_aПопов _bП. А. |
|
| 801 | 0 |
_aRU _bNLR _c20030326 |
|
| 830 | _aВ РГБ 2-й авт.: Елоховский, Александр Николаевич | ||
| 852 |
_aNLR _j15/191 |
||
| 852 |
_aNLR _j15/191а |
||
| 899 | _aSLK | ||
| 899 | _aНБ Бел. | ||
| 899 | _aBnF | ||
| 899 | _aNYCL | ||
| 899 | _aМГУ | ||
| 899 | _aБАН | ||
| 899 | _aРГБ | ||
| 899 | _aРКП | ||
| 899 | _aСПбГУ | ||
| 942 | _cBOOK | ||
| 980 | _aNB | ||
| 980 | _aA1SV | ||